000 00291nam a22001337a 4500
008 170609b xxu||||| |||| 00| 0 eng d
020 _a9780525950745
041 _aeng
080 _a94(100)
100 _a18
101 _aSHH
245 _aEMPIRES OF TRUST
_cMADDEN,TH.F
942 _2udc
_cBK
999 _c16789
_d16789